[Houdek, Ivan]

Zobrazenie: Podobizeň vlastivedného pracovníka, historika, publicistu, chemika Ivana Houdeka, 26. január 1916 (13.1.1887 Ružomberok - 24.1.1985 Ružomberok).

Bibliographic Details
Format: Photo
Language:Slovak
PhysicalDescription:1 fotografia čiernobiela 14 x 9 cm
Published: [S.l. s.n.] 1916
Subjects:

MARC

LEADER 00000nkmaa2200000 a 4500
001 vtls011885931
003 SK-MaSNL
005 20260302093137.0
007 kh bo
008 230802e1916 xx | ||00 k|slo
035 |a urn:nbn:sk:snk-km00dwx6 
035 |a urn:nbn:sk:snk-km3m17i 
035 |a 5EF23A42-BF48-4270-832A-11970815767E 
040 |a SNKLA  |b slo  |c SNKLA  |e AACR2 
041 0 |a slo 
044 |a xo  |c SK 
245 0 0 |a [Houdek, Ivan]  |h grafika 
260 |a [S.l.  |b s.n.]  |c 1916 
300 |a 1 fotografia  |b čiernobiela  |c 14 x 9 cm 
520 2 |a Zobrazenie: Podobizeň vlastivedného pracovníka, historika, publicistu, chemika Ivana Houdeka, 26. január 1916 (13.1.1887 Ružomberok - 24.1.1985 Ružomberok). 
600 1 7 |a Houdek, Ivan,  |d 1887-1985  |2 SNKMA  |9 107152 
655 7 |a portrétne fotografie  |2 SNKPH  |9 305796 
852 7 |a Slovenská národná knižnica  |b Literárny archív 
958 |a BLA 
958 |a ZO 
999 |c 1207658  |d 1209588 
952 |a SNKLA  |b SNKLA  |c SNKLA_DEP  |y NEVYP  |7 0  |p 17A1310218  |o snkSH 29/30  |i snkLA 1922/1969  |0 0  |1 0  |4 0  |d 2019-09-09  |f 1  |l 0  |r 2026-02-24 23:02:48  |w 2026-02-24